000 00513nam a2200157Ia 4500
008 100204s9999 xx 000 0 und d
082 _b4477
100 _aरजनीश
245 _aप्रेमाचे पंख
260 _b"जीवन जागृती केंद्र्र प्रकाशन, पुणे"
300 _a34
630 _aप्रेमाचे पंख
700 _aपै शिरिष
730 _aप्रेमाचे पंख
942 _cBOOK
999 _c449221
_d449218